000 00673nam a2200181 i 4500
001 150254
003 ES-MaACL
005 20250406174907.0
007 t|
008 071029s1928 sp ||||1| spa d
100 1 _aVallejo de Simón, Antonio María.
_9112848
245 1 0 _aTécnica de epidemiología y elementos de desinfección aplicados al medio rural /
_cpor Antonio Mª Vallejo de Simón ; prólogo y notas del dr. José A. Palanca.
260 _aMadrid :
_bInstituto Reus,
_c1928.
300 _aXV, 429 p. :
_bil. ;
_c23 cm.
700 1 _aPalanca y Martínez Fortún, José Alberto,
_d1888-1973
_9155308
852 _aES-MaACL
_jE-381
999 _c150254
_d150254